书目信息 |
| 题名: |
你可能不知道的日本
|
|
| 作者: | 王春永 主编 ;谢川予 , 吴治玮 编著 | |
| 分册: | ||
| 出版信息: | 北京 中国发展出版社 2008.01 |
|
| 页数: | 312页 | |
| 开本: | 24cm | |
| 丛书名: | 大国史话系列 | |
| 单 册: | ||
| 中图分类: | K313.09 | |
| 科图分类: | ||
| 主题词: | ||
| 电子资源: | ||
| ISBN: | 978-7-80234-121-0 | |
| 000 | 01110nam 2200301 450 | |
| 001 | 012008674090 | |
| 005 | 20080513144045.65 | |
| 010 | @a978-7-80234-121-0@dCNY33.00 | |
| 100 | @a20080512d2008 em y0chiy0120 ea | |
| 101 | 0 | @achi |
| 102 | @aCN@b110000 | |
| 105 | @aack a 000yy | |
| 106 | @ar | |
| 200 | 1 | @a你可能不知道的日本@Ani ke neng bu zhi dao de ri ben@f王春永主编@Fwang chun yong zhu bian@g谢川予, 吴治玮编著@Gxie chuan yu,wu zhi wei bian zhu |
| 205 | @a插图本 | |
| 210 | @a北京@c中国发展出版社@d2008.01 | |
| 215 | @a312页@c图, 肖像@d24cm | |
| 225 | 2 | @a大国史话系列@Ada guo shi hua xi lie |
| 320 | @a有书目 (第311-312页) | |
| 330 | @a本书从细节透视日本的历史,解析日本风云变幻的兴衰之路,内容包括:更像女巫的女王、孝德天皇行新法、外戚火烧应天门、台风再次救了日本、武家号令天下、相扑的兴衰历程等。 | |
| 410 | 0 | @12001 @a大国史话系列 |
| 607 | @a日本@Ari ben@x概况 | |
| 690 | @aK313.09@v4 | |
| 701 | 0 | @a王春永@Awang chun yong@4主编 |
| 702 | 0 | @a谢川予@Axie chuan yu@4编著 |
| 702 | 0 | @a吴治玮@Awu zhi wei@4编著 |
| 801 | 0 | @aCN@bQSSK@c20080513 |
| 905 | @b710492-94@dK313.09@eW138@f3 | |
| 你可能不知道的日本/王春永主编/谢川予, 吴治玮编著.-插图本.-北京:中国发展出版社,2008.01 |
| 312页:图, 肖像;24cm.-(大国史话系列) |
| ISBN 978-7-80234-121-0:CNY33.00 |
| 本书从细节透视日本的历史,解析日本风云变幻的兴衰之路,内容包括:更像女巫的女王、孝德天皇行新法、外戚火烧应天门、台风再次救了日本、武家号令天下、相扑的兴衰历程等。 |
| ● |
| 相关链接 |
|
|
|
正题名:你可能不知道的日本
索取号:K313.09/W138
 
预约/预借
| 序号 | 登录号 | 条形码 | 馆藏地/架位号 | 状态 | 备注 |
| 1 | 710492 | 207104925 | 社科库309/309社科库 39排6列5层/ [索取号:K313.09/W138] | 在馆 | |
| 2 | 710493 | 207104934 | 社科库309/309社科库 39排6列5层/ [索取号:K313.09/W138] | 在馆 | |
| 3 | 710494 | 207104943 | 社科库309/309社科库 39排6列5层/ [索取号:K313.09/W138] | 在馆 |